Más de la mitad de los toxicómanos se iniciaron con alcohol a los 13 años (Record no. 72481)

MARC details
000 -CABECERA
campo de control de longitud fija 00562nam a2200193 a 4500
005 - FECHA Y HORA DE LA ÚLTIMA TRANSACCIÓN
campo de control 20210219153249.0
008 - ELEMENTOS DE LONGITUD FIJA--INFORMACIÓN GENERAL
campo de control de longitud fija 991125n 000 0 u
035 ## - NÚMERO DE CONTROL DEL SISTEMA
Número de control de sistema UPN01000087197
222 ## - TÍTULO CLAVE
Título clave ESCUELA ESPAÑOLA :
Información calificativa PERIODICO PROFESIONAL DE EDUCACION
245 ## - MENCIÓN DE TÍTULO
Título Más de la mitad de los toxicómanos se iniciaron con alcohol a los 13 años
300 ## - DESCRIPCIÓN FÍSICA
Extensión [1(1333)]
362 ## - FECHAS DE PUBLICACIÓN Y/O DESIGNACIÓN SECUENCIAL
Fecha de publicación y/o designación secuencial 1993 Año 53, no. 3158, sep.
440 #0 - MENCIÓN DE SERIE/ASIENTO SECUNDARIO--TÍTULO
Título 1333
653 0# - TERMINO DE INDIZACION - NO CONTROLADO
Término no controlado ALCOHOLISMO
653 0# - TERMINO DE INDIZACION - NO CONTROLADO
Término no controlado DROGADICCION
653 0# - TERMINO DE INDIZACION - NO CONTROLADO
Término no controlado DROGADICTOS
904 ## - ELEMENTOS DE DATOS D LOCAL, LDD (RLIN)
a AC
b 025008
905 ## - TIPO DE MATERIAL
Tipo de material Articulo

No items available.